000
00202nam a22000857a 4500
008
170201b xxu||||| |||| 00| 0 eng d
100
_9
2733
_a
Darling Louis
245
_a
Beverly Cleory
260
_a
U.S.A.
_c
1990
999
_c
5900
_d
5900